000 00906nam a22002417a 4500
008 081001t xxu||||| |||| 00| 0 eng d
010 _aENG-91081
020 _a9788190618458
_c1450.00
035 _aEN-74614
037 _bDBAD /PUB
040 _adpl
_bEnglish
082 _a658.3
100 _aJain, J.N.
245 _aModern human resource management
_bprinciples and techniques /
_cby J.N. Jain [and] Ajay Bhola
260 _aNew Delhi
_bRegal Publications
_c2008
270 _aF-159, Rajouri Garden,
_bNew Delhi
_e110027
300 _ax, 356p.
_c25cm (Hb)
500 _aIncludes glossary and index
650 _aPersonnel management
700 _aAjay Bhola
942 _2ddc
_cEN
_mJAI
_h658.3
999 _c16090
_d16090